| 000 | 00459nam a2200181Ia 4500 | ||
|---|---|---|---|
| 005 | 20250603145132.0 | ||
| 008 | 250603s9999 xx 000 0 und d | ||
| 020 | _a 978-1-032-34966-4 | ||
| 050 | _aQH 345 .I58/ | ||
| 100 | _aEdited by Atul Bhargava, Shilpi Srivastava | ||
| 245 | 0 | _aIntegrative approaches to biotechnology | |
| 260 | _aBoca Raton | ||
| 260 | _b CRC Press | ||
| 260 | _c2024 | ||
| 300 | _a269 p | ||
| 650 | _aBoca Raton | ||
| 942 | _cBK | ||
| 999 |
_c40978 _d40978 |
||